[Event "Anapa op"]
[Site "Anapa"]
[Date "2012.09.04"]
[Round "5"]
[White "Timankin, Fedor"]
[Black "Labyshkin, Aleksey"]
[Result "1/2-1/2"]
[WhiteElo "2066"]
[BlackElo "2115"]
[PlyCount "65"]
[EventDate "2012.08.30"]
[EventType "swiss"]
[EventRounds "9"]
[EventCountry "RUS"]
[SourceTitle "CBM 150 Extra"]
[Source "ChessBase"]
[SourceDate "2012.10.19"]
[SourceVersion "1"]
[SourceVersionDate "2012.10.19"]
[SourceQuality "1"]

1. e4 e5 2. Nc3 Nf6 3. Nf3 Nc6 4. d4 exd4 5. Nxd4 Bb4 6. Nxc6 bxc6 7. Bd3 d5 8. exd5 cxd5 9. 0-0 0-0 10. Bg5 c6 11. h3 h6 12. Bh4 Be7 13. Re1 Be6 14. Ne2 Ne4 15. Bxe7 Qxe7 16. c3 Nc5 17. Bc2 Qd6 18. Nd4 Rfe8 19. Qh5 Bd7 20. Rad1 Qf6 21. b4 Ne6 22. Nxe6 Rxe6 23. Rxe6 Qxe6 24. b5 Re8 25. Bb3 Qe2 26. Qxe2 Rxe2 27. c4 dxc4 28. Bxc4 Re7 29. bxc6 Bxc6 30. Rd8+ Kh7 31. Rd6 Be4 32. f3 Bb1 33. Bd3+ 1/2-1/2

[Event "Anapa op"]
[Site "Anapa"]
[Date "2012.09.02"]
[Round "3"]
[White "Isaev, Evgeny"]
[Black "Labyshkin, Aleksey"]
[Result "1-0"]
[WhiteElo "1926"]
[BlackElo "2115"]
[PlyCount "105"]
[EventDate "2012.08.30"]
[EventType "swiss"]
[EventRounds "9"]
[EventCountry "RUS"]
[SourceTitle "CBM 150 Extra"]
[Source "ChessBase"]
[SourceDate "2012.10.19"]
[SourceVersion "1"]
[SourceVersionDate "2012.10.19"]
[SourceQuality "1"]

1. d4 d5 2. c4 e6 3. Nc3 Nf6 4. cxd5 exd5 5. Bg5 c6 6. Qc2 Be7 7. e3 Nbd7 8. Bd3 0-0 9. Nf3 Re8 10. 0-0 Nf8 11. Rab1 Ne4 12. Bxe7 Qxe7 13. Bxe4 dxe4 14. Nd2 f5 15. b4 Ng6 16. Nb3 Nh4 17. Ne2 Be6 18. Qc5 Qf7 19. Rfc1 Rec8 20. Nf4 Bd7 21. Qc2 b6 22. Qc4 Ng6 23. Nxg6 hxg6 24. Qxf7+ Kxf7 25. Nd2 Be6 26. Rc2 Bd5 27. Rbc1 Rc7 28. a4 Ke6 29. Kf1 Kd6 30. Ke2 Rac8 31. Nc4+ Bxc4+ 32. Rxc4 Kd5 33. R4c3 c5 34. dxc5 bxc5 35. Rd1+ Ke6 36. b5 Rd7 37. Rxd7 Kxd7 38. Rc4 Kd6 39. Kd2 Kd5 40. Kc3 g5 41. Kb3 g4 42. Rc1 Rh8 43. Rd1+ Ke6 44. a5 g5 45. Kc4 Rc8 46. g3 Rh8 47. Kxc5 Rxh2 48. b6 axb6+ 49. axb6 Rxf2 50. b7 Rb2 51. Rd6+ Ke5 52. Rb6 Rc2+ 53. Kb5 1-0

[Event "Ivanovo Region-ch"]
[Site "Ivanovo"]
[Date "2011.12.10"]
[Round "2"]
[White "Novikov, Vladimir"]
[Black "Labyshkin, Aleksey"]
[Result "1/2-1/2"]
[WhiteElo "2073"]
[BlackElo "2145"]
[PlyCount "32"]
[EventDate "2011.12.09"]
[EventType "swiss"]
[EventRounds "9"]
[EventCountry "RUS"]
[SourceTitle "CBM 146 Extra"]
[Source "ChessBase"]
[SourceDate "2012.02.29"]
[SourceVersion "1"]
[SourceVersionDate "2012.02.29"]
[SourceQuality "1"]

1. e4 e5 2. Nf3 Nc6 3. Bc4 Bc5 4. d3 d6 5. 0-0 Nf6 6. c3 Bg4 7. h3 Bh5 8. Qe2 Qe7 9. Be3 Bb6 10. Nbd2 h6 11. b4 Qd7 12. g4 Bxg4 13. hxg4 Qxg4+ 14. Kh2 Qh5+ 15. Kg1 Qg4+ 16. Kh2 Qh5+ 1/2-1/2

[Event "Kineshma op"]
[Site "Kineshma"]
[Date "2010.10.20"]
[Round "1"]
[White "Labyshkin, Aleksey"]
[Black "Gorev, Valentin"]
[Result "1-0"]
[WhiteElo "2152"]
[BlackElo "1643"]
[PlyCount "31"]
[EventDate "2010.10.20"]
[EventType "swiss"]
[EventRounds "9"]
[EventCountry "RUS"]
[SourceTitle "EXT 2011"]
[Source "ChessBase"]
[SourceDate "2010.11.26"]
[SourceVersion "1"]
[SourceVersionDate "2010.11.26"]
[SourceQuality "1"]

1. e4 c6 2. Nc3 e6 3. d4 c5 4. Nf3 cxd4 5. Nxd4 Nc6 6. Be3 e5 7. Ndb5 d6 8. Nd5 Be6 9. Nbc7+ Kd7 10. Nxa8 Qxa8 11. Bb5 Qd8 12. 0-0 f5 13. exf5 Bxf5 14. c4 b6 15. Qf3 Be6 16. Nb4 1-0

[Event "Ivanovo Region-ch"]
[Site "Ivanovo"]
[Date "2009.12.07"]
[Round "4"]
[White "Labyshkin, Aleksey"]
[Black "Mamoshin, Valery"]
[Result "1-0"]
[WhiteElo "2117"]
[BlackElo "2185"]
[PlyCount "57"]
[EventDate "2009.12.04"]
[EventType "tourn"]
[EventRounds "9"]
[EventCountry "RUS"]
[SourceTitle "EXT 2012"]
[Source "ChessBase"]
[SourceDate "2011.11.24"]
[SourceVersion "1"]
[SourceVersionDate "2011.11.24"]
[SourceQuality "1"]

1. e4 c5 2. f4 Nc6 3. Nf3 e6 4. Bb5 Nge7 5. 0-0 a6 6. Be2 d5 7. d3 b6 8. Qe1 dxe4 9. dxe4 Nd4 10. Bd1 Bb7 11. c3 Nxf3+ 12. Bxf3 Qc7 13. Be3 e5 14. f5 Nc6 15. Nd2 Be7 16. Qg3 Rg8 17. a4 0-0-0 18. Nc4 f6 19. b4 Rd3 20. Qe1 b5 21. axb5 axb5 22. Nb2 Rxe3 23. Qxe3 cxb4 24. cxb4 Bxb4 25. Rfc1 Rd8 26. Qb3 Qb6+ 27. Kh1 Bd2 28. Nc4 Qf2 29. Nxd2 1-0

[Event "Kineshma"]
[Site "Kineshma"]
[Date "2009.08.06"]
[Round "5.3"]
[White "Labyshkin, Aleksey"]
[Black "Malyshev, Alexandr"]
[Result "1/2-1/2"]
[WhiteElo "2117"]
[BlackElo "1955"]
[PlyCount "77"]
[EventDate "2009.08.03"]
[EventType "tourn"]
[EventRounds "9"]
[EventCountry "RUS"]
[SourceTitle "EXT 2022"]
[Source "ChessBase"]
[SourceDate "2021.10.06"]
[SourceVersion "1"]
[SourceVersionDate "2021.10.06"]
[SourceQuality "1"]

1. e4 e6 2. d4 d5 3. Nd2 c5 4. Ngf3 Nc6 5. exd5 exd5 6. Be2 Be7 7. 0-0 Nf6 8. dxc5 Bxc5 9. Nb3 Be7 10. Bf4 0-0 11. Nfd4 a6 12. c3 h6 13. Bd3 Bd6 14. Qd2 Nxd4 15. Nxd4 Qc7 16. Bxd6 Qxd6 17. Rfe1 Be6 18. h3 Rad8 19. Rad1 Bc8 20. Bc2 Qc7 21. Re2 Rfe8 22. Rde1 Rxe2 23. Qxe2 Kf8 24. Qf3 Re8 25. Rxe8+ Kxe8 26. Bb3 Qe5 27. Qe2 Qxe2 28. Nxe2 Ke7 29. f3 Be6 30. Kf2 Kd6 31. Ke3 g6 32. Kd4 g5 33. Ng3 Nd7 34. Bc2 Ne5 35. Nf5+ Bxf5 36. Bxf5 b6 37. b3 a5 38. Bc8 Nc6+ 39. Kd3 1/2-1/2